La pedagogía por objetivos (Record no. 5485)
[ view plain ]
| 000 -LEADER | |
|---|---|
| campo de control de longitud fija | 00842nmc a2200301 a 4500 |
| 003 - IDENTIFICADOR DE NÚMERO DE CONTROL | |
| campo de control | AR-BaBNM |
| 005 - FECHA Y HORA DE LA ÚLTIMA TRANSACCIÓN | |
| campo de control | 20251128203925.0 |
| 008 - DATOS DE LONGITUD FIJA--INFORMACIÓN GENERAL | |
| campo de control de longitud fija | 011101s1995 ||||||||||||||000 | spa|| |
| 020 ## - NÚMERO INTERNACIONAL ESTÁNDAR DEL LIBRO | |
| Número Internacional Estándar del Libro | 84-7112-208-1 |
| 040 ## - FUENTE DE CATALOGACIÓN | |
| Centro/agencia transcriptor | AR-BaBNM |
| 100 1# - ENTRADA PRINCIPAL--NOMBRE DE PERSONA | |
| Nombre de persona | Gimeno Sacristán, José |
| 245 10 - MENCIÓN DEL TÍTULO | |
| Título | La pedagogía por objetivos |
| Resto del título | obsesión por la eficacia |
| 250 ## - MENCION DE EDICION | |
| Mención de edición | 8ª ed. |
| 260 ## - PUBLICACIÓN, DISTRIBUCIÓN, ETC. | |
| Lugar de publicación, distribución, etc. | Madrid |
| Nombre del editor, distribuidor, etc. | Ediciones Morata |
| Fecha de publicación, distribución, etc. | 1995 |
| 300 ## - DESCRIPCIÓN FÍSICA | |
| Extensión | 176 p. |
| Otros detalles físicos | gráfs. |
| 490 #0 - MENCIÓN DE SERIE | |
| Mención de serie | Pedagogía. La pedagogía hoy |
| 504 ## - NOTA DE BIBLIOGRAFÍA, ETC. | |
| Nota de bibliografía, etc. Nota | Bibliografía p. 173-176 |
| 600 14 - PUNTO DE ACCESO ADICIONAL DE MATERIA--NOMBRE DE PERSONA | |
| Nombre de persona | Gagné, Robert Mills |
| 650 #4 - PUNTO DE ACCESO ADICIONAL DE MATERIA--TÉRMINO DE MATERIA | |
| Término de materia o nombre geográfico como elemento de entrada | DIDACTICA |
| 650 #4 - PUNTO DE ACCESO ADICIONAL DE MATERIA--TÉRMINO DE MATERIA | |
| Término de materia o nombre geográfico como elemento de entrada | TECNICAS DE ENSENANZA |
| 650 #4 - PUNTO DE ACCESO ADICIONAL DE MATERIA--TÉRMINO DE MATERIA | |
| Término de materia o nombre geográfico como elemento de entrada | PROBLEMAS METODOLOGICOS |
| 650 #4 - PUNTO DE ACCESO ADICIONAL DE MATERIA--TÉRMINO DE MATERIA | |
| Término de materia o nombre geográfico como elemento de entrada | PSICOLOGIA DE LA EDUCACION |
| 650 #4 - PUNTO DE ACCESO ADICIONAL DE MATERIA--TÉRMINO DE MATERIA | |
| Término de materia o nombre geográfico como elemento de entrada | CONDUCTISMO |
| 650 #4 - PUNTO DE ACCESO ADICIONAL DE MATERIA--TÉRMINO DE MATERIA | |
| Término de materia o nombre geográfico como elemento de entrada | OBJETIVOS EDUCACIONALES |
| 653 ## - TÉRMINO DE INDIZACIÓN--NO CONTROLADO | |
| Término no controlado | MODELOS EDUCATIVOS |
| 942 ## - ELEMENTOS DE ENTRADA SECUNDARIOS (KOHA) | |
| Tipo de ítem Koha | Libros |
| 998 ## - INFORMACIÓN DE CONTROL LOCAL (RLIN) | |
| Iniciales del catalogador, CIN (RLIN) | Carmen |
| Estatus retirado | Estado de pérdida | Fuente de la clasificación o esquema de estantería | Estado de daño | No para préstamo | Biblioteca de origen | Biblioteca actual | Fecha de adquisición | Total de préstamos | Signatura topográfica completa | Código de barras | Visto por última vez | Precio de reemplazo | Tipo de ítem Koha | Restricciones de uso | Ubicación en estantería |
|---|---|---|---|---|---|---|---|---|---|---|---|---|---|---|---|
| Clasificación Decimal Dewey | Liberty | Liberty | 28/11/2025 | 37.02 GIM | 098092 | 28/11/2025 | 28/11/2025 | Libros | |||||||
| Clasificación Decimal Dewey | Liberty | Liberty | 28/11/2025 | 37.02 GIM | 098093 | 28/11/2025 | 28/11/2025 | Libros | |||||||
| Clasificación Decimal Dewey | Liberty | Liberty | 28/11/2025 | 37.02 GIM | 063988 | 28/11/2025 | 28/11/2025 | Libros | |||||||
| Clasificación Decimal Dewey | No para préstamo | Liberty | Liberty | 28/11/2025 | 37.02 GIM | 120534 | 28/11/2025 | 28/11/2025 | Libros | Acceso restringido | |||||
| Clasificación Decimal Dewey | No para préstamo | Liberty | Liberty | 28/11/2025 | 37.02 GIM | 135795 | 28/11/2025 | 28/11/2025 | Libros | Acceso restringido |